000 00783nam a22002177a 4500
003 BUBTL
008 220118b ||||| |||| 00| 0 eng d
020 _a9847012004012
082 _a954.925/ Sa153b/ 2015
100 _94489
_aসাদী, শেখ
245 _aবঙ্গবন্ধু পূর্ণ জীবন /
_cশেখ সাদী
250 _a1st Edn.
260 _aঢাকা:
_bকথা প্রকাশ,
_cc2015
300 _a383 p.:
_c22 cm.
505 _aবঙ্গবন্ধু পূর্ণ জীবন, বঙ্গবন্ধু, শেখ সাদী
650 0 _93573
_aবঙ্গবন্ধু
650 0 _94372
_aBangabandhu
856 _k0
_l0
_yDownload
942 _2ddc
_cBK
999 _c6640
_d6640